Teatro delle marionette (Il) (Record n. 75308)

Dettagli MARC
000 -LEADER
fixed length control field 00916nam a2200325Ia 4500
001 - CONTROL NUMBER
control field 15848
003 - CONTROL NUMBER IDENTIFIER
control field IT-RoPAU
008 - FIXED-LENGTH DATA ELEMENTS--GENERAL INFORMATION
fixed length control field 130308s9999 xx 000 0 und d
040 ## - CATALOGING SOURCE
Original cataloging agency IT-RoPAU
040 ## - CATALOGING SOURCE
Transcribing agency IT-RoPAU
041 ## - LANGUAGE CODE
Language code of text/sound track or separate title ITALIANO
999 ## - SYSTEM CONTROL NUMBERS (KOHA)
Koha Dewey Subclass [OBSOLETE] SI
100 ## - MAIN ENTRY--PERSONAL NAME
Personal name Kleist Heinrich Von
100 ## - MAIN ENTRY--PERSONAL NAME
Miscellaneous information Codice Aut. SPICS: 5068
240 ## - UNIFORM TITLE
Uniform title AUFSATZ UBER DAS MARIONETTENTHEATER
240 ## - UNIFORM TITLE
Miscellaneous information Codice Tit. Orig. Spics: T0638
245 ## - TITLE STATEMENT
Title Teatro delle marionette (Il)
245 ## - TITLE STATEMENT
Remainder of title Teatro delle Marionette (Il)
250 ## - EDITION STATEMENT
Edition statement 1a ed.
260 ## - PUBLICATION, DISTRIBUTION, ETC. (IMPRINT)
Place of publication, distribution, etc. GENOVA
260 ## - PUBLICATION, DISTRIBUTION, ETC. (IMPRINT)
Name of publisher, distributor, etc. Il Melangolo
260 ## - PUBLICATION, DISTRIBUTION, ETC. (IMPRINT)
Date of publication, distribution, etc. 1979 [1° Ed.:1979 - Ed.Ling.Originale:1811]
300 ## - PHYSICAL DESCRIPTION
Extent "40 p. (prefazione: no ; testo: 40 [pagine: 0-0])"
500 ## - GENERAL NOTE
General note Note Biobibliografiche di Kleist Estetica Metafisica
650 ## - SUBJECT ADDED ENTRY--TOPICAL TERM
Topical term or geographic name as entry element AUTORI/OPERE DI TEATRO
650 ## - SUBJECT ADDED ENTRY--TOPICAL TERM
Relator term Codice materia Spics: 8407
942 ## - ADDED ENTRY ELEMENTS (KOHA)
Koha item type LIBRO
957 ## -
-- 1
999 ## - SYSTEM CONTROL NUMBERS (KOHA)
-- 1
Dati di copia
Withdrawn status Lost status Damaged status Not for loan Home library Current library Date acquired Total Checkouts Full call number Date last seen Price effective from Koha item type Public note
    Buone Condizioni Not For Loan SPICS-MEDIATECA SPICS-MEDIATECA 08/03/2013   15848 08/03/2013 08/03/2013 LIBRO Progressivo inserimento: 54958 / N. Volumi: 1 Copie: 1 Copia Rara: SI / data import: 1 marzo 2013 - By Epidotti, Trombetti, Vaglietti.
CREDITS: SOCIETA' SAN PAOLO Via A.Severo, 58 - ROMA (RM) & PERIODICI SAN PAOLO SRL Via Giotto, 36 MILANO & CISF Via Giotto, 36 MILANO & EDIZIONI SAN PAOLO SRL,  Piazza Soncino, 5 CINISELLO BALSAMO (MI) -- ITALY